[Event "FIDE Moscow Grand Prix 2017"]
[Site "Moscow"]
[Date "2017.05.21"]
[Round "9"]
[White "Gelfand, Boris"]
[Black "Ding, Liren"]
[Result "0-1"]
[WhiteElo "2724"]
[BlackElo "2773"]
[Annotator "TA"]
[PlyCount "70"]
[EventDate "2017.??.??"]
[EventType "tourn"]
[EventCountry "RUS"]
[SourceTitle "playchess.com"]
[Source "ChessBase"]
[SourceQuality "1"]

{[%evp 17,70,0,0,0,0,0,1,0,-2,-10,10,3,2,-23,4,8,14,4,8,-47,-19,0,0,-105,-83,-114,-111,-142,-146,-288,-287,-290,-246,-310,-291,-323,-313,-306,-295,-284,-262,-325,-320,-379,-391,-386,-341,-417,-379,-465,-460,-491,-477,-653,-643]} 1. d4 Nf6 2. c4 e6 3. g3 d5 4. Bg2 Bb4+ 5. Bd2 Be7 6. Nf3 O-O 7. O-O Nbd7 8. a4 {E11: Bogo-Indian} (8. Qc2 Ne4 9. Bf4 c6 10. Nc3 g5 11. Bc1 f5 12. b3 b6 13. Bb2 Bb7 14. Rad1 Qe8 15. Nd2 Nd6 16. Ba3 Rc8 17. Rfe1 Nf7 18. Qb2 {½-½ (30) So,W (2822)-Nakamura,H (2793) Saint Louis 2017}) 8... a5 9. Qc2 c6 {LiveBook: 14 Games} 10. Na3 {The position is equal.} Ne4 11. Bf4 $146 ({Predecessor:} 11. Be3 f5 12. Ne1 g5 13. f3 Nd6 14. Nd3 Qe8 15. c5 Nf7 16. Qc3 Bf6 {½-½ (61) Hertneck,G (2572)-Bareev,E (2719) Germany 2002}) 11... g5 12. Be3 f5 13. Rad1 Bf6 {[%cal Be7f6,Bf6e5,Be5c7][%mdl 32]} 14. Nb1 Qe7 15. Nc3 b6 (15... Nd6 $5 {[%cal Rd6c4]}) 16. Ne5 Nxe5 17. dxe5 Bxe5 18. Bxb6 (18. Nxe4 $11 fxe4 19. c5) 18... Qb4 (18... Ra6 {looks sharper.} 19. Bd4 Bxd4 20. Rxd4 Nc5 21. cxd5 exd5 22. e3 Ne6) 19. Nxe4 fxe4 20. cxd5 (20. Be3 $11 {remains equal.}) 20... Qxb6 $17 21. Qxe4 Qxb2 22. dxc6 Bc7 23. Rd7 (23. Rb1 $17 Qf6 24. Qe3) 23... Bxd7 $19 24. cxd7 Qf6 25. Bh3 Rab8 26. Qxe6+ Qxe6 27. Bxe6+ Kg7 28. Rc1 Kf6 29. Bg4 Bd8 30. Rc6+ Kg7 31. Bh5 Rb2 32. Rc8 Rd2 33. Be8 Bb6 {[#] ( -> ...Rd1+). Black is clearly winning.} 34. Rb8 Rf6 35. e3 g4 {Precision: White = 19%, Black = 81%.} 0-1

[Event "FIDE Moscow Grand Prix 2017"]
[Site "Moscow"]
[Date "2017.05.21"]
[Round "9"]
[White "Vallejo Pons, Francisco"]
[Black "Nepomniachtchi, Ian"]
[Result "1/2-1/2"]
[WhiteElo "2710"]
[BlackElo "2751"]
[Annotator "TA"]
[PlyCount "35"]
[EventDate "2017.??.??"]
[EventType "tourn"]
[EventCountry "RUS"]
[SourceTitle "playchess.com"]
[Source "ChessBase"]
[SourceQuality "1"]

{[%evp 16,35,35,28,33,24,22,25,26,33,30,31,28,22,56,0,0,0,0,0,0,0]} 1. d4 Nf6 2. c4 g6 3. Bg5 Bg7 4. Nc3 d5 5. Bxf6 Bxf6 6. cxd5 {E61: King's Indian: Early deviations for White, including Smyslov System} c5 7. dxc5 {[%cal Bd4c5,Bc5c6][%mdl 32]} Nd7 8. c6 (8. e3 O-O 9. Bc4 Nxc5 10. Nge2 Qb6 11. Qd2 Bf5 12. Nd4 Rac8 13. O-O Ne4 14. Qe2 Bxd4 {½-½ (14) Mamedyarov,S (2766)-Nepomniachtchi,I (2749) Sharjah 2017}) (8. e3 O-O 9. Nf3 Nxc5 10. Nd4 Qb6 11. Qd2 Rd8 12. Be2 e6 13. Bf3 Qa6 14. Be2 Qb6 15. Bf3 Qa6 16. Be2 Qb6 {½-½ (16) Vallejo Pons,F (2711)-Nepomniachtchi,I (2767) Doha 2016}) 8... Nc5 9. Rc1 {LiveBook: 5 Games} Qb6 10. Nf3 $146 ({Predecessor:} 10. Qd2 O-O 11. e3 bxc6 12. Nf3 Bxc3 13. Qxc3 {0-1 (32) Beliavsky,A (2605)-Kulaots,K (2556) Puhajarve 2016}) 10... O-O 11. e3 Qxb2 12. Nd4 bxc6 13. Be2 cxd5 14. Nxd5 Bxd4 15. Nxe7+ (15. Rc2 $1 $14 Bc3+ 16. Rxc3) 15... Kg7 $11 {[#] ...Bc3+ is the strong threat.The position is equal.} 16. Qxd4+ Qxd4 17. exd4 Re8 18. Rxc5 1/2-1/2

[Event "FIDE Moscow Grand Prix 2017"]
[Site "Moscow"]
[Date "2017.05.21"]
[Round "9"]
[White "Salem, A R  Saleh"]
[Black "Hammer, Jon Ludvig"]
[Result "1/2-1/2"]
[WhiteElo "2633"]
[BlackElo "2621"]
[Annotator "TA"]
[PlyCount "31"]
[EventDate "2017.??.??"]
[EventType "tourn"]
[EventCountry "RUS"]
[SourceTitle "playchess.com"]
[Source "ChessBase"]
[SourceQuality "1"]

{[%evp 9,31,0,9,0,0,0,-6,0,0,6,31,18,20,-10,-9,-17,-13,-37,-33,-31,-27,-64,-3,0]} 1. c4 e5 {[%cal Be7e5,Be5e4][%mdl 32]} 2. g3 c6 3. Nf3 e4 4. Nd4 d5 5. d3 Bc5 6. Nb3 {A20: English Opening: 1...e5} Bb4+ 7. Bd2 Bxd2+ 8. Qxd2 dxc4 $146 ({Predecessor:} 8... exd3 9. Qxd3 dxc4 10. Qxc4 Be6 11. Qc2 {½-½ (42) Tazbir,M (2517)-Navara,D (2744) Poland 2016}) 9. dxc4 Qxd2+ (9... Nd7 {with more complications.} 10. Nc3 f5 11. Rd1 Qe7 12. Bg2 Nh6) 10. N1xd2 f5 11. c5 Nf6 12. e3 g6 13. Nc4 Ke7 $1 14. Nd6 Nbd7 15. Rc1 b6 (15... a5 $15 16. a4 Ne5) 16. Be2 1/2-1/2